Sound. (Record no. 116250)
[ view plain ]
| 000 -LEADER | |
|---|---|
| fixed length control field | 00512nam a2200169 a 4500 |
| 005 - DATE AND TIME OF LATEST TRANSACTION | |
| control field | 20140513081048.0 |
| 008 - FIXED-LENGTH DATA ELEMENTS--GENERAL INFORMATION | |
| fixed length control field | 020906s19uu xx 00 eng d |
| 020 ## - INTERNATIONAL STANDARD BOOK NUMBER | |
| International Standard Book Number | 1-919736-04-2 |
| 050 ## - LIBRARY OF CONGRESS CALL NUMBER | |
| Classification number | P 534.2 |
| Item number | SOU 2000 |
| 245 ## - TITLE STATEMENT | |
| Title | Sound. |
| 260 ## - PUBLICATION, DISTRIBUTION, ETC. (IMPRINT) | |
| Place of publication, distribution, etc | Johannesburg, South Africa : |
| Name of publisher, distributor, etc | The Chart Studio (Pty) Ltd, |
| Date of publication, distribution, etc | 2000. |
| 300 ## - PHYSICAL DESCRIPTION | |
| Extent | Poster |
| 500 ## - GENERAL NOTE | |
| General note | Sources of sound & etc. |
| 520 ## - SUMMARY, ETC. | |
| Summary, etc | Sound is a form of energy which makes it possible to hear speech, noise and music. |
| 650 ## - SUBJECT ADDED ENTRY--TOPICAL TERM | |
| Topical term or geographic name as entry element | Sound |
| Withdrawn status | Lost status | Damaged status | Home library | Current library | Shelving location | Date acquired | Source of acquisition | Cost, normal purchase price | Total Checkouts | Full call number | Barcode | Date last seen | Price effective from | Koha item type |
|---|---|---|---|---|---|---|---|---|---|---|---|---|---|---|
| Elizalde Library | Elizalde Library | KIT Section | 09/06/2002 | 75.00 | P 534.2 SOU 2000 | E214 | 05/13/2014 | 05/13/2014 | Kits |